| 000 | 00405nam a22001697a 4500 | ||
|---|---|---|---|
| 003 | OSt | ||
| 005 | 20260326144543.0 | ||
| 008 | 260326b |||||||| |||| 00| 0 eng d | ||
| 020 | _a9789393168368 | ||
| 040 | _cIIMT UNIVERSITY | ||
| 100 | _aSingh B D | ||
| 245 | _aFundamentals Of Genetics | ||
| 250 | _a6Th Ed | ||
| 260 |
_anEW dELHI _bMedtech Science Press _c2025 |
||
| 300 | _a702 | ||
| 942 |
_2ddc _c02 |
||
| 999 |
_c67697 _d67697 |
||